| 000 | 00447nam a22001697a 4500 | ||
|---|---|---|---|
| 003 | CEME | ||
| 005 | 20210628205300.0 | ||
| 008 | 210225b xxu||||| |||| 00| 0 eng d | ||
| 040 | _c. | ||
| 082 | _a297.63 NOO'B | ||
| 100 |
_aBilgarami, Hamid Hasan Dr _974750 |
||
| 245 | _aNoor-e-mubeen - pbuh | ||
| 260 |
_aLAHORE _bFEROZ SONS _c1996 |
||
| 300 | _a800P | ||
| 650 |
_aISLAM-BIOGRAPHY-PROPHET MUHAMMAD PEACE BE UPON HIM _9876 |
||
| 942 |
_cBK _2ddc |
||
| 999 |
_c580250 _d580250 |
||